Il mio mondo è qui /

সংরক্ষণ করুন:
গ্রন্থ-পঞ্জীর বিবরন
প্রধান লেখক: Parker, Dorothy (লেখক)
অন্যান্য লেখক: Montale, Eugenio
বিন্যাস: গ্রন্থ
ভাষা:ইতালিয়
প্রকাশিত: Milano : Gruppo editoriale Fabbri-Bompiani-Sonzogno-ETAS, 1993
সংস্করন:2. ed
মালা:Tascabili Bompiani ; 338
ট্যাগগুলো: ট্যাগ যুক্ত করুন
কোনো ট্যাগ নেই, প্রথমজন হিসাবে ট্যাগ করুন!

MARC

LEADER 00000nam a2200000 i 4500
001 IT\ICCU\BVE\0046473
003 ItRI
005 20260115231912.0
008 940131s1993 it |||||| ||||| |||||c
015 |2 IT  |a 94-2262 
020 |a 8845210162 
040 |b ita  |c importazione bologna sebina 
041 7 |a ita  |2 ISO-639-2 
082 |a 813.52  |9 Narrativa americana in lingua inglese. 1900-1945  |2 20 
100 1 |a Parker, Dorothy  |0 IT\ICCU\CFIV\038131  |4 aut 
240 1 0 |a Here lies.  |3 IT\ICCU\CFI\0059813  |9 Parker, Dorothy 
245 1 3 |a Il mio mondo è qui /  |c Dorothy Parker ; traduzione di Eugenio Montale ; prefazione di Fernanda Pivano. 
250 |a 2. ed 
260 |a Milano :  |b Gruppo editoriale Fabbri-Bompiani-Sonzogno-ETAS,  |c 1993 
300 |a XI, 299 p. ;  |c 19 cm. 
700 1 |a Montale, Eugenio  |0 IT\ICCU\CFIV\009383 
830 0 |a Tascabili Bompiani ;  |v 338  |0 IT\ICCU\CFI\0000031 
942 |2 ddc  |c BK  |n 0 
952 |0 0  |1 0  |4 0  |6 L_813_520000000000000_PAR  |7 0  |9 15917  |a BO  |b BO  |d 2026-01-15  |i 10694  |l 0  |o L 813.52 PAR  |p BO10694  |r 2026-01-15 23:19:12  |w 2026-01-15  |x [Sebina 5] [1 v.]  |y BK  |z 1 v. 
999 |c 13682  |d 13682